[Event "DEM U12/U12w 2010"]
[Site "Oberhof GER"]
[Date "2010.05.23"]
[Round "2"]
[White "Böhme, Mathis"]
[Black "Scholz, Robert"]
[Result "0-1"]
[Termination "normal"]
[Board "27"]
[WhiteElo "1080"]
[BlackElo "1599"]
[PlyCount "26"]
[WhiteFideId "12900443"]
[BlackFideId "1270301"]
[EventCountry "GER"]
[EventRounds "11"]
[EventType "swiss"]
[EventDate "2010.05.22"]

1. e4 e5 2. f4 exf4 3. Nf3 d5 4. Nc3 Nf6 5. e5 Ne4 6. Nxe4 dxe4 7. Ng1 Qh4+ 8.
g3 fxg3 9. Bg2 gxh2+ 10. Kf1 hxg1=Q+ 11. Kxg1 Qg3 12. d4 exd3 13. Qxd3 Bc5+ 0-1

[Event "DEM U12/U12w 2010"]
[Site "Oberhof GER"]
[Date "2010.05.23"]
[Round "2"]
[White "Wanner, Lukas"]
[Black "Kaplun, David"]
[Result "0-1"]
[Termination "normal"]
[Board "28"]
[WhiteElo "1309"]
[BlackElo "1787"]
[PlyCount "120"]
[WhiteFideId "12918148"]
[BlackFideId "12901954"]
[EventCountry "GER"]
[EventRounds "11"]
[EventType "swiss"]
[EventDate "2010.05.22"]

1. d4 d5 2. c4 e6 3. Nc3 Nf6 4. cxd5 exd5 5. Bg5 Nbd7 6. e3 c6 7. Bd3 Be7 8.
Qc2 O-O 9. Nf3 Re8 10. O-O Nf8 11. Rab1 g6 12. b4 a6 13. a4 Nh5 14. Bxe7 Qxe7
15. b5 axb5 16. axb5 Be6 17. bxc6 bxc6 18. Na4 Nd7 19. Rfc1 Rec8 20. Nc5 Nxc5
21. Qxc5 Qxc5 22. Rxc5 f6 23. Rbc1 Bd7 24. Nd2 Ng7 25. R5c3 Ne6 26. Nb3 Kf7 27.
Nc5 Nxc5 28. Rxc5 Rcb8 29. h3 Ra2 30. R5c2 Ra3 31. Rc3 Ra2 32. R1c2 Rbb2 33.
Rxb2 Rxb2 34. Rc2 Rb3 35. Rd2 Rc3 36. Kf1 Rc1+ 37. Ke2 h5 38. Rd1 Rc3 39. Kd2
Ra3 40. Rc1 g5 41. Rc3 Ra2+ 42. Rc2 Ra1 43. Rc1 Ra3 44. Rc3 Ra4 45. Rc2 f5 46.
g3 f4 47. h4 gxh4 48. gxh4 f3 49. Rc1 Kf6 50. Rg1 Ra2+ 51. Bc2 Bf5 52. Rc1
Rxc2+ 53. Rxc2 Bxc2 54. Kxc2 Kf5 55. Kd2 Kg4 56. Ke1 Kh3 57. Kf1 Kh2 58. Ke1
Kg1 59. Kd2 Kxf2 60. Kd3 Kg2 0-1

[Event "DEM U12/U12w 2010"]
[Site "Oberhof GER"]
[Date "2010.05.23"]
[Round "2"]
[White "Manusina, Nicole"]
[Black "Mierzwa, Robert"]
[Result "1-0"]
[Termination "normal"]
[Board "29"]
[WhiteElo "1789"]
[BlackElo "1345"]
[PlyCount "85"]
[WhiteFideId "24657514"]
[BlackFideId "12918113"]
[EventCountry "GER"]
[EventRounds "11"]
[EventType "swiss"]
[EventDate "2010.05.22"]

1. d4 Nf6 2. c4 g6 3. Nc3 d5 4. cxd5 Nxd5 5. e4 Nxc3 6. bxc3 Bg7 7. Bc4 O-O 8.
Ne2 b6 9. Be3 Bb7 10. f3 Nd7 11. O-O Rc8 12. Bd3 c5 13. Qd2 Nb8 14. Rad1 cxd4
15. cxd4 Nc6 16. e5 f6 17. Bc4+ Kh8 18. Be6 Ra8 19. f4 f5 20. Qe1 Qe8 21. Nc3
Bc8 22. Bd5 Bb7 23. Bf3 Qf7 24. Qf2 e6 25. Nb5 Na5 26. Nd6 Qd7 27. Nxb7 Nxb7
28. d5 Rab8 29. d6 Rfd8 30. Rc1 Rdc8 31. h3 Bf8 32. Be2 Bg7 33. Ba6 Bf8 34. Qf3
Rxc1 35. Rxc1 Nxd6 36. exd6 Qxd6 37. Rd1 Qc7 38. Bd4+ Bg7 39. Bxg7+ Kxg7 40.
Be2 Qc5+ 41. Qf2 Rc8 42. Rd7+ Kf6 43. Rxa7 1-0

[Event "DEM U12/U12w 2010"]
[Site "Oberhof GER"]
[Date "2010.05.23"]
[Round "2"]
[White "Birnkraut, Tim"]
[Black "von Reppert, Marc"]
[Result "1-0"]
[Termination "normal"]
[Board "30"]
[WhiteElo "1686"]
[BlackElo "1321"]
[PlyCount "95"]
[WhiteFideId "24609587"]
[BlackFideId "12918130"]
[EventCountry "GER"]
[EventRounds "11"]
[EventType "swiss"]
[EventDate "2010.05.22"]

1. e4 e6 2. d4 d5 3. Nd2 Nf6 4. e5 Nfd7 5. f4 c5 6. c3 Nc6 7. Ndf3 Be7 8. Bd3
Qa5 9. Kf2 Qb6 10. Ne2 Nf8 11. h4 Bd7 12. Rb1 c4 13. Bc2 f6 14. Kg3 fxe5 15.
fxe5 O-O-O 16. Bg5 Re8 17. Rf1 h6 18. Bd2 Rg8 19. Nh2 Qd8 20. Nf3 g5 21. h5 g4
22. Nfg1 Bg5 23. Nf4 Bh4+ 24. Kh2 Bf2 25. g3 Bxg1+ 26. Kxg1 Qg5 27. Qe2 Qg7 28.
Ng6 Nxg6 29. Bxg6 Ref8 30. Qxg4 Rf5 31. Bxf5 Qxg4 32. Bxg4 Rxg4 33. Kg2 Re4 34.
Rbe1 Rg4 35. Rf4 Rg8 36. Ref1 Be8 37. Rf8 Rxf8 38. Rxf8 Kd7 39. g4 Ne7 40. Bxh6
b5 41. Bg5 a6 42. Rh8 a5 43. Rh7 Kd8 44. Rxe7 Bd7 45. Rxe6+ Kc8 46. Re7 Bxg4
47. h6 Bf5 48. h7 1-0

[Event "DEM U12/U12w 2010"]
[Site "Oberhof GER"]
[Date "2010.05.23"]
[Round "2"]
[White "Reimers, Juri"]
[Black "Lemke, Berfîn"]
[Result "1-0"]
[Termination "normal"]
[Board "31"]
[WhiteElo "1688"]
[BlackElo "1318"]
[PlyCount "69"]
[WhiteFideId "24661511"]
[BlackFideId "1270578"]
[EventCountry "GER"]
[EventRounds "11"]
[EventType "swiss"]
[EventDate "2010.05.22"]

1. e4 e5 2. Nf3 Nc6 3. d4 exd4 4. Nxd4 Nf6 5. Nxc6 bxc6 6. e5 Nd5 7. c4 Nb6 8.
g3 Bc5 9. b3 d5 10. exd6 cxd6 11. Qe2+ Be6 12. Bb2 O-O 13. Bg2 Qd7 14. O-O Rfe8
15. Qd2 h6 16. Qc3 f6 17. Nd2 Nc8 18. Ne4 Rf8 19. Rad1 Qc7 20. Nxc5 dxc5 21.
Qe3 Bf7 22. Qxc5 Ne7 23. Ba3 Rfe8 24. Rfe1 Ng6 25. Qxc6 Qa5 26. Rxe8+ Rxe8 27.
Qc5 Qxc5 28. Bxc5 Re2 29. Rd8+ Kh7 30. Bf1 Rxa2 31. Rd7 Kg8 32. Rxa7 Rd2 33.
Be3 Rd8 34. b4 Rd1 35. Kg2 1-0

[Event "DEM U12/U12w 2010"]
[Site "Oberhof GER"]
[Date "2010.05.23"]
[Round "2"]
[White "Gaßmann, Linda"]
[Black "Berkov, Mikhail"]
[Result "1/2-1/2"]
[Termination "normal"]
[Board "32"]
[WhiteElo "1862"]
[BlackElo "1840"]
[PlyCount "100"]
[WhiteFideId "12900451"]
[BlackFideId "24678783"]
[EventCountry "GER"]
[EventRounds "11"]
[EventType "swiss"]
[EventDate "2010.05.22"]

1. e4 e5 2. Nf3 Nc6 3. d4 exd4 4. Nxd4 Qf6 5. Be3 Bc5 6. c3 Nge7 7. Bc4 O-O 8.
O-O Ne5 9. Bb3 Bb6 10. Qd2 h6 11. f3 d6 12. Na3 Bd7 13. Nc4 Rad8 14. Kh1 Kh7
15. Rad1 Qh4 16. Qf2 Qh5 17. Nxe5 dxe5 18. Ne2 f5 19. Bxb6 axb6 20. Ng3 Qg6 21.
exf5 Nxf5 22. Nxf5 Bxf5 23. Rxd8 Rxd8 24. g4 Bd3 25. Rd1 e4 26. Kg1 Qg5 27. Re1
Rf8 28. Bd1 Qf6 29. Kg2 g6 30. Qe3 Re8 31. fxe4 Bxe4+ 32. Kg1 h5 33. Qg3 Re5
34. Qf2 Qe6 35. Rf1 Bd5 36. Qf6 Qxf6 37. Rxf6 Re1+ 38. Rf1 Rxf1+ 39. Kxf1 hxg4
40. Bxg4 Bxa2 41. Bf3 c6 42. Bg4 Bd5 43. Bc8 c5 44. Kf2 Kg7 45. Ke3 Kf6 46. b4
Ke5 47. Bh3 Kd6 48. Bf1 g5 49. Be2 Ke5 50. Bg4 Bc6 1/2-1/2

[Event "DEM U12/U12w 2010"]
[Site "Oberhof GER"]
[Date "2010.05.23"]
[Round "2"]
[White "Gerken, Frieso"]
[Black "Kluge, Leyla"]
[Result "0-1"]
[Termination "normal"]
[Board "33"]
[WhiteElo "1434"]
[BlackElo "1199"]
[PlyCount "60"]
[WhiteFideId "1270505"]
[BlackFideId "12918172"]
[EventCountry "GER"]
[EventRounds "11"]
[EventType "swiss"]
[EventDate "2010.05.22"]

1. e4 c5 2. d4 cxd4 3. c3 dxc3 4. Nxc3 Nc6 5. Nf3 g6 6. Bc4 e6 7. O-O Bg7 8.
Nb5 Nge7 9. Nd6+ Kf8 10. Ng5 Ne5 11. Qb3 Qc7 12. Rd1 h6 13. Nf3 N7c6 14. Bf4
Na5 15. Qb4 Naxc4 16. Rac1 b5 17. Bg3 Qa5 18. Rxc4 Qxb4 19. Rxb4 a6 20. h3 Nc6
21. Rb3 Ke7 22. Rd2 Ra7 23. Bf4 Bb7 24. Be3 Rha8 25. Bxa7 Rxa7 26. Re3 Ne5 27.
Nxe5 Bxe5 28. Nxb7 Rxb7 29. Ra3 Rc7 30. Rxa6 Rc1+ 0-1

[Event "DEM U12/U12w 2010"]
[Site "Oberhof GER"]
[Date "2010.05.23"]
[Round "2"]
[White "Niggl, Michael"]
[Black "Nobis, Anna"]
[Result "0-1"]
[Termination "normal"]
[Board "34"]
[WhiteElo "1275"]
[BlackElo "1428"]
[PlyCount "98"]
[WhiteFideId "12918164"]
[BlackFideId "1270302"]
[EventCountry "GER"]
[EventRounds "11"]
[EventType "swiss"]
[EventDate "2010.05.22"]

1. c4 Nf6 2. Nc3 e6 3. g3 d5 4. cxd5 exd5 5. d4 Be7 6. Bg2 O-O 7. Nf3 Bf5 8.
O-O Ne4 9. Bf4 c6 10. Nd2 Ng5 11. e4 dxe4 12. Ndxe4 Ne6 13. Be3 Nc7 14. Re1 Nd7
15. Rc1 Nf6 16. f3 Nfd5 17. Bf2 Re8 18. a3 Bg6 19. b4 a5 20. bxa5 Rxa5 21. a4
f5 22. Nxd5 Nxd5 23. Nc3 Nxc3 24. Rxc3 Rf8 25. Rb3 Qc7 26. Rbe3 Bd6 27. f4 Bf7
28. R1e2 Rfa8 29. Rc2 Rxa4 30. d5 c5 31. Rec3 b6 32. Rb2 Ra2 33. Rcb3 Rxb2 34.
Rxb2 Rb8 35. Qb1 Be7 36. Qxf5 Bf6 37. Rb3 c4 38. Re3 c3 39. Qc2 b5 40. Re2 b4
41. Qb3 Qa5 42. Qa2 Qb5 43. Be4 Re8 44. Bf3 Rd8 45. Rc2 Bxd5 46. Bxd5+ Qxd5 47.
Qxd5+ Rxd5 48. Rc1 b3 49. Be3 c2 0-1

[Event "DEM U12/U12w 2010"]
[Site "Oberhof GER"]
[Date "2010.05.23"]
[Round "2"]
[White "Heldt, Ronny"]
[Black "Schumann, Rabea"]
[Result "1-0"]
[Termination "normal"]
[Board "35"]
[WhiteElo "1584"]
[BlackElo "1140"]
[PlyCount "107"]
[WhiteFideId "12903973"]
[BlackFideId "12918199"]
[EventCountry "GER"]
[EventRounds "11"]
[EventType "swiss"]
[EventDate "2010.05.22"]

1. d4 d5 2. c4 e6 3. Nc3 Nf6 4. cxd5 exd5 5. Bg5 Be7 6. e3 O-O 7. Bd3 c6 8.
Nge2 Nbd7 9. Qc2 Re8 10. O-O Nf8 11. Bh4 Ne4 12. Bxe7 Qxe7 13. Nxe4 dxe4 14.
Bc4 Bf5 15. Ng3 Bg6 16. Rfd1 Nd7 17. d5 cxd5 18. Bxd5 Nf6 19. Qb3 Nxd5 20. Rxd5
Red8 21. Rad1 b6 22. h3 h6 23. Qa4 Rxd5 24. Rxd5 a5 25. Qc6 Rb8 26. Rb5 Qb7 27.
Qxb7 Rxb7 28. Nf1 f6 29. Nd2 Bf7 30. a3 Be8 31. Rd5 Bf7 32. Rd8+ Kh7 33. Nxe4
Be6 34. Nd6 Rd7 35. Rxd7 Bxd7 36. Nc4 b5 37. Nxa5 g5 38. Kf1 Kg6 39. Ke2 Kf5
40. Kd3 Ke5 41. Nb3 Kd5 42. Nd4 h5 43. f3 h4 44. Ne2 Kc5 45. Nc3 Kd6 46. Kd4
Kc6 47. Ne4 f5 48. Nxg5 Kd6 49. Nf7+ Ke6 50. Ne5 Be8 51. e4 fxe4 52. fxe4 Bh5
53. Nf3 Bxf3 54. gxf3 1-0

[Event "DEM U12/U12w 2010"]
[Site "Oberhof GER"]
[Date "2010.05.23"]
[Round "2"]
[White "Hartmann, Jakob"]
[Black "Alsheimer, Lea"]
[Result "1-0"]
[Termination "normal"]
[Board "37"]
[WhiteElo "1402"]
[BlackElo "1127"]
[PlyCount "63"]
[WhiteFideId "12918067"]
[BlackFideId "12918180"]
[EventCountry "GER"]
[EventRounds "11"]
[EventType "swiss"]
[EventDate "2010.05.22"]

1. e4 c5 2. Nf3 a6 3. c4 e6 4. Nc3 Nc6 5. d4 cxd4 6. Nxd4 Nxd4 7. Qxd4 Qc7 8.
Be3 d6 9. Be2 Nf6 10. O-O Be7 11. f4 e5 12. Qd3 Bg4 13. Bxg4 Nxg4 14. Nd5 Qb8
15. Bb6 Bd8 16. Qb3 O-O 17. Kh1 a5 18. Bxd8 Rxd8 19. Qg3 Nh6 20. f5 f6 21.
Nxf6+ Kh8 22. Nh5 Rg8 23. Qf3 g6 24. Nf6 Rg7 25. Qh3 Ng8 26. fxg6 Nxf6 27. Rxf6
Qd8 28. Raf1 Qg8 29. gxh7 Rxh7 30. Rh6 Rc8 31. Rxh7+ Qxh7 32. Qxc8+ 1-0

[Event "DEM U12/U12w 2010"]
[Site "Oberhof GER"]
[Date "2010.05.23"]
[Round "2"]
[White "Wendland, Tobias"]
[Black "Sherif, Amina"]
[Result "1-0"]
[Termination "normal"]
[Board "38"]
[WhiteElo "1630"]
[BlackElo "1081"]
[PlyCount "83"]
[WhiteFideId "24662267"]
[BlackFideId "12911690"]
[EventCountry "GER"]
[EventRounds "11"]
[EventType "swiss"]
[EventDate "2010.05.22"]

1. d4 d5 2. c4 c6 3. Nc3 Nf6 4. Nf3 Bf5 5. cxd5 cxd5 6. Qb3 Qb6 7. Qxb6 axb6 8.
Bg5 Nbd7 9. e3 e6 10. Bb5 Be7 11. Ne5 Rd8 12. O-O h6 13. Bh4 g5 14. Bg3 Bd6 15.
Nxd7 Bxg3 16. Nxf6+ Ke7 17. fxg3 g4 18. Nfxd5+ exd5 19. Rxf5 Ke6 20. Raf1 Rh7
21. Re5+ Kd6 22. Rf6+ Kc7 23. Nxd5+ Kc8 24. Nxb6+ Kc7 25. Re7+ Kb8 26. Na4 Rc8
27. Nc5 Rc7 28. Nd7+ Ka7 29. Re8 Rc1+ 30. Rf1 Rxf1+ 31. Kxf1 f5 32. Re5 Rg7 33.
Ba4 b6 34. Re6 h5 35. Rxb6 Rxd7 36. Bxd7 Kxb6 37. Bxf5 Kc6 38. Bxg4 hxg4 39. h4
gxh3 40. gxh3 Kd5 41. h4 Ke6 42. a4 1-0

[Event "DEM U12/U12w 2010"]
[Site "Oberhof GER"]
[Date "2010.05.23"]
[Round "2"]
[White "Buchberger, Tamara"]
[Black "Reksten, Anne"]
[Result "1-0"]
[Termination "normal"]
[Board "39"]
[WhiteElo "1088"]
[BlackElo "1383"]
[PlyCount "149"]
[BlackFideId "24692778"]
[EventCountry "GER"]
[EventRounds "11"]
[EventType "swiss"]
[EventDate "2010.05.22"]

1. e4 c6 2. d4 d5 3. e5 Bf5 4. Nc3 e6 5. Nf3 a6 6. a3 c5 7. Bd3 Bxd3 8. Qxd3
Nc6 9. Be3 Qb6 10. Na4 Qa5+ 11. Nc3 cxd4 12. Nxd4 Nxe5 13. Qd2 Nf6 14. O-O Bd6
15. b4 Qc7 16. b5 Nc4 17. Qe2 Bxh2+ 18. Kh1 Bd6 19. a4 e5 20. Nf5 d4 21. Bxd4
O-O 22. Nxd6 Nxd6 23. Bxe5 Rfe8 24. Rad1 Rad8 25. Rfe1 Qc5 26. Bxd6 Rxe2 27.
Bxc5 Rxe1+ 28. Rxe1 Rc8 29. Rd1 h6 30. Bd4 Rc4 31. Bxf6 gxf6 32. Rd3 Kg7 33.
Rg3+ Kf8 34. Kg1 Ke7 35. Kf1 Kd6 36. Ke2 Kc5 37. Kd3 Rd4+ 38. Ke2 Kb4 39. Rd3
Rc4 40. Kd2 f5 41. bxa6 bxa6 42. Re3 f4 43. Re4 Rxe4 44. Nxe4 Kxa4 45. Kc3 Ka5
46. Nd6 f6 47. Ne8 h5 48. Nxf6 h4 49. Ng4 Kb5 50. Kd4 a5 51. Kc3 Kc5 52. Kb3
a4+ 53. Kb2 Kd4 54. c3+ Kd5 55. f3 Kc5 56. Ne5 Kd5 57. Nd3 Kc4 58. Nxf4 a3+ 59.
Kxa3 Kxc3 60. Ng6 Kd4 61. Nxh4 Ke5 62. g3 Kf6 63. Kb4 Kg5 64. f4+ Kf6 65. Kc5
Kf7 66. g4 Kg7 67. Kd6 Kf6 68. g5+ Kf7 69. Ke5 Kg7 70. f5 Kf8 71. Kf6 Kg8 72.
g6 Kf8 73. g7+ Kg8 74. Nf3 Kh7 75. Kf7 1-0

[Event "DEM U12/U12w 2010"]
[Site "Oberhof GER"]
[Date "2010.05.23"]
[Round "2"]
[White "Heinemann, Josefine"]
[Black "Azizowa, Laura"]
[Result "1-0"]
[Termination "normal"]
[Board "40"]
[WhiteElo "1376"]
[BlackElo "1078"]
[PlyCount "61"]
[WhiteFideId "12900460"]
[EventCountry "GER"]
[EventRounds "11"]
[EventType "swiss"]
[EventDate "2010.05.22"]

1. e4 e6 2. d4 d5 3. e5 c5 4. c3 Nc6 5. Nf3 Qb6 6. Be2 Bd7 7. O-O O-O-O 8. a3
f5 9. b4 cxd4 10. cxd4 Nge7 11. Qc2 h5 12. b5 h4 13. bxc6 Bxc6 14. Ng5 Qxd4 15.
Bb2 Qb6 16. Nf7 Rh7 17. Nxd8 Kxd8 18. Nd2 h3 19. g3 Rh6 20. Rfd1 Ke8 21. Nf3 f4
22. Bd4 Qc7 23. Bb5 Nf5 24. Bxc6+ bxc6 25. Rac1 Kd7 26. g4 Nh4 27. Nxh4 Rxh4
28. f3 Bxa3 29. Ra1 Bb4 30. Rxa7 Qxa7 31. Bxa7 1-0

[Event "DEM U12/U12w 2010"]
[Site "Oberhof GER"]
[Date "2010.05.23"]
[Round "2"]
[White "Schmid, Katharina"]
[Black "Bohnert, Dominik"]
[Result "0-1"]
[Termination "normal"]
[Board "41"]
[WhiteElo "1056"]
[BlackElo "1370"]
[PlyCount "62"]
[WhiteFideId "12918210"]
[BlackFideId "12918075"]
[EventCountry "GER"]
[EventRounds "11"]
[EventType "swiss"]
[EventDate "2010.05.22"]

1. e4 e5 2. Nf3 Nc6 3. Bc4 Bc5 4. c3 Nf6 5. d4 exd4 6. cxd4 Bb4+ 7. Bd2 Bxd2+
8. Nbxd2 d5 9. exd5 Nxd5 10. O-O O-O 11. Qe2 Re8 12. Qd3 a6 13. a4 Nce7 14. Ng5
Ng6 15. Rfe1 Rxe1+ 16. Rxe1 Qxg5 17. Re8+ Nf8 18. Nf3 Qh5 19. Re5 Qh6 20. Rxd5
Be6 21. Re5 Qc1+ 22. Re1 Qxc4 23. Qe3 Qxa4 24. h3 Qb4 25. Rb1 Ba2 26. Rc1 Qxb2
27. Rxc7 b5 28. Qe7 b4 29. Qe4 Qb1+ 30. Qxb1 Bxb1 31. Ne5 Ba2 0-1

[Event "DEM U12/U12w 2010"]
[Site "Oberhof GER"]
[Date "2010.05.23"]
[Round "2"]
[White "Koch, Elisabeth"]
[Black "Holle, Niklas"]
[Result "1-0"]
[Termination "normal"]
[Board "42"]
[WhiteElo "1370"]
[BlackElo "1024"]
[PlyCount "25"]
[WhiteFideId "24695068"]
[EventCountry "GER"]
[EventRounds "11"]
[EventType "swiss"]
[EventDate "2010.05.22"]

1. e4 e5 2. Nf3 Nc6 3. Bc4 Nf6 4. Ng5 Nxe4 5. Nxf7 Qh4 6. O-O Nxf2 7. Qf3 Bc5
8. Rxf2 Qxc4 9. Nxh8 b6 10. d4 Qxd4 11. Qf7+ Kd8 12. Bg5+ Ne7 13. Qf8# 1-0

[Event "DEM U12/U12w 2010"]
[Site "Oberhof GER"]
[Date "2010.05.23"]
[Round "2"]
[White "Sadjjadi, Anahita"]
[Black "Kempe, Anne"]
[Result "0-1"]
[Termination "normal"]
[Board "43"]
[WhiteElo "1016"]
[BlackElo "1369"]
[PlyCount "52"]
[BlackFideId "12918083"]
[EventCountry "GER"]
[EventRounds "11"]
[EventType "swiss"]
[EventDate "2010.05.22"]

1. d4 d5 2. e3 Nf6 3. c3 Bf5 4. Nf3 h6 5. Bd3 Bxd3 6. Qxd3 Nc6 7. Nbd2 e6 8. b3
Be7 9. Bb2 O-O 10. O-O-O a5 11. a4 Na7 12. Rdg1 c5 13. g4 cxd4 14. Nxd4 Nd7 15.
f4 Rc8 16. N2f3 Nc5 17. Qc2 Ne4 18. h4 Qd6 19. g5 h5 20. c4 Nc6 21. c5 Qc7 22.
g6 Nb4 23. Qc3 Nxc3 24. Bxc3 Na2+ 25. Kc2 Nxc3 26. Kxc3 Qxc5+ 0-1

[Event "DEM U12/U12w 2010"]
[Site "Oberhof GER"]
[Date "2010.05.23"]
[Round "2"]
[White "Müller, Max"]
[Black "Lamottke, Svenja"]
[Result "1-0"]
[Termination "normal"]
[Board "44"]
[WhiteElo "1365"]
[BlackElo "963"]
[PlyCount "109"]
[WhiteFideId "12900486"]
[BlackFideId "12918229"]
[EventCountry "GER"]
[EventRounds "11"]
[EventType "swiss"]
[EventDate "2010.05.22"]

1. e4 e5 2. Nf3 Nc6 3. Bb5 a6 4. Ba4 Nf6 5. O-O Bc5 6. c3 O-O 7. d4 exd4 8.
cxd4 Bb4 9. Bc2 d6 10. h3 Re8 11. a3 Ba5 12. b4 Bb6 13. Re1 Bd7 14. Bb2 a5 15.
b5 Na7 16. a4 c6 17. bxc6 Nxc6 18. Nbd2 Rc8 19. Nf1 Nb4 20. Bd3 Bc6 21. Ng3 d5
22. e5 Ne4 23. Nxe4 dxe4 24. Bxe4 Bxe4 25. Rxe4 f5 26. Re2 Re7 27. Rc1 Rxc1 28.
Bxc1 h6 29. Rd2 Rc7 30. Ba3 Qd7 31. Bxb4 axb4 32. Qb3+ Kh7 33. Qxb4 Rc1+ 34.
Kh2 Bd8 35. Rb2 b6 36. Qb5 Qf7 37. Rb1 Rxb1 38. Qxb1 Qc4 39. Qxf5+ Kg8 40. Qd7
Bc7 41. Qb5 Qf7 42. Qc6 g5 43. g3 h5 44. Kg2 g4 45. hxg4 hxg4 46. Nh4 Kh7 47.
Qe4+ Kh6 48. Qxg4 Qd5+ 49. Nf3 Bd8 50. Qf4+ Kg6 51. Kh2 Qg8 52. Qg4+ Kf7 53.
Qxg8+ Kxg8 54. Nd2 Kf7 55. f4 1-0

[Event "DEM U12/U12w 2010"]
[Site "Oberhof GER"]
[Date "2010.05.23"]
[Round "2"]
[White "Schramm, Anna-Lena"]
[Black "Samietz, Jannick"]
[Result "0-1"]
[Termination "normal"]
[Board "45"]
[WhiteElo "945"]
[BlackElo "1362"]
[PlyCount "72"]
[WhiteFideId "12918237"]
[BlackFideId "12918091"]
[EventCountry "GER"]
[EventRounds "11"]
[EventType "swiss"]
[EventDate "2010.05.22"]

1. e4 Nc6 2. Nf3 e5 3. Bc4 Be7 4. Nc3 d6 5. d4 Bg4 6. dxe5 Nxe5 7. Be2 Nf6 8.
Nxe5 Bxe2 9. Qxe2 dxe5 10. Qb5+ Qd7 11. Qxb7 O-O 12. Qb3 Rab8 13. Qc4 Rb4 14.
Qe2 Qc6 15. f3 Rfb8 16. a3 Rc4 17. Be3 Rxb2 18. Nd5 Nxd5 19. exd5 Qxd5 20. O-O
Rcxc2 21. Qf2 Rxf2 22. Rxf2 Rxf2 23. Bxf2 h6 24. Bxa7 Bc5+ 25. Bxc5 Qxc5+ 26.
Kf1 Qc4+ 27. Kf2 Qd4+ 28. Kg3 Qxa1 29. Kg4 g6 30. f4 Qd4 31. g3 exf4 32. gxf4
g5 33. Kh5 Qxf4 34. Kxh6 g4+ 35. Kh5 f6 36. a4 Qg5# 0-1

[Event "DEM U12/U12w 2010"]
[Site "Oberhof GER"]
[Date "2010.05.23"]
[Round "2"]
[White "Trotzke, Johannes"]
[Black "Silber, Stefanie"]
[Result "1-0"]
[Termination "normal"]
[Board "46"]
[WhiteElo "1357"]
[BlackElo "847"]
[PlyCount "53"]
[WhiteFideId "12918105"]
[BlackFideId "12918245"]
[EventCountry "GER"]
[EventRounds "11"]
[EventType "swiss"]
[EventDate "2010.05.22"]

1. e4 c6 2. d4 d5 3. Nc3 dxe4 4. Nxe4 Bf5 5. Ng3 Bg6 6. Bc4 Nf6 7. N1e2 e6 8.
O-O Bd6 9. f4 Qd7 10. Rf3 O-O 11. c3 c5 12. Qf1 b5 13. Bb3 c4 14. Bd1 Ne4 15.
Bc2 Nxg3 16. Nxg3 Bxc2 17. Qf2 Bg6 18. Qf1 Nc6 19. f5 exf5 20. Nxf5 Bh5 21. g4
Bxg4 22. Rf2 Rae8 23. h3 Bh5 24. Bf4 Bxf4 25. Rxf4 Be2 26. Qg2 Bd3 27. Qxg7#
1-0

[Event "DEM U12/U12w 2010"]
[Site "Oberhof GER"]
[Date "2010.05.23"]
[Round "2"]
[White "Niemeyer, Maximilian"]
[Black "Weber, Sandra"]
[Result "0-1"]
[Termination "normal"]
[Board "47"]
[WhiteElo "793"]
[BlackElo "1350"]
[PlyCount "114"]
[BlackFideId "1270049"]
[EventCountry "GER"]
[EventRounds "11"]
[EventType "swiss"]
[EventDate "2010.05.22"]

1. e4 d5 2. exd5 Nf6 3. Nc3 Nxd5 4. d4 Nxc3 5. bxc3 e6 6. Nf3 Nc6 7. Bb5 Bd7 8.
Bxc6 Bxc6 9. O-O Bd6 10. Bg5 Bxf3 11. Qxf3 Qxg5 12. Qxb7 O-O 13. Rad1 Qh6 14.
g3 Qg6 15. Rd2 Rab8 16. Qxa7 Ra8 17. Qb7 Rxa2 18. Qb3 Rfa8 19. d5 Ra1 20. Rb1
Qe4 21. c4 Rxb1+ 22. Qxb1 Qxc4 23. dxe6 Qxe6 24. Qb7 Re8 25. Rd1 Qg4 26. f3
Bc5+ 27. Kg2 Qc4 28. Qxc7 Qe2+ 29. Kh3 Qxd1 30. Qxc5 Qd7+ 31. g4 Qd1 32. Qc6
Qf1+ 33. Kg3 Qe1+ 34. Kh3 Qe6 35. Qb5 h5 36. Qa4 hxg4+ 37. fxg4 Qh6+ 38. Kg3
Re3+ 39. Kf2 Qh3 40. Qa8+ Kh7 41. c4 Re6 42. c5 Qxh2+ 43. Kf1 Qd2 44. Qh1+ Qh6
45. Qd5 Qh3+ 46. Kf2 Rf6+ 47. Ke1 Qxg4 48. Qd3+ Qf5 49. Qg3 Re6+ 50. Kd2 Qd5+
51. Kc2 Qxc5+ 52. Kd2 Qd5+ 53. Qd3+ Qxd3+ 54. Kxd3 f5 55. Kd4 f4 56. Kd5 Re1
57. Kd4 f3 0-1